The ABC of roofing (Record no. 549073)

000 -LEADER
fixed length control field 00387nam a22001457a 4500
082 ## - DEWEY DECIMAL CLASSIFICATION NUMBER
Classification number 695
Author Mark COT
-- L-14, P-72
100 ## - MAIN ENTRY--PERSONAL NAME
Personal name Cotgrave, Jhon E
9 (RLIN) 45594
245 ## - TITLE STATEMENT
Title The ABC of roofing
Statement of responsibility, etc. Cotgrave, Jhon E
250 ## - EDITION STATEMENT
Edition statement 2ed
260 ## - PUBLICATION, DISTRIBUTION, ETC.
Place of publication, distribution, etc. London
Name of publisher, distributor, etc. Crosby Lockwood & Son Ltd
Date of publication, distribution, etc. 1948
300 ## - PHYSICAL DESCRIPTION
Extent p-46
Other physical details ill
526 ## - STUDY PROGRAM INFORMATION NOTE
Program name 0
Interest level 0
Reading level 0
Title point value 695_000000000000000_COT
650 ## - SUBJECT ADDED ENTRY--TOPICAL TERM
Topical term or geographic name entry element MCE
9 (RLIN) 379
942 ## - ADDED ENTRY ELEMENTS (KOHA)
Source of classification or shelving scheme
Koha item type Book
Holdings
Withdrawn status Lost status Source of classification or shelving scheme Damaged status Not for loan Permanent Location Current Location Date acquired Total Checkouts Full call number Barcode Date last seen Price effective from Koha item type
          Military College of Engineering (MCE) Military College of Engineering (MCE) 09/16/2014   695 COT MCE-30352 09/16/2014 09/16/2014 Book
© 2023 Central Library, National University of Sciences and Technology. All Rights Reserved.